| 000 | 00603nam a22002057a 4500 | ||
|---|---|---|---|
| 003 | 0 | ||
| 005 | 20251111110111.0 | ||
| 008 | 251111b xxu||||| |||| 00| 0 eng d | ||
| 020 | _a0-340-82252-X | ||
| 050 |
_aPS 3607.A73 _b.G37 2003 |
||
| 100 |
_aGardiner, Meg, _eauthor. |
||
| 245 |
_aMission canyon / _cMeg Gardiner. |
||
| 260 |
_aLondon : _bHodder & Stoughton, _c2003. |
||
| 300 |
_a426 pages ; _c18 cm. |
||
| 650 | _aDetective and mystery fiction. | ||
| 650 |
_aPrivate investigators _xFiction. |
||
| 650 |
_aMurder _xInvestigation _vFiction. |
||
| 650 |
_aCalifornia _xFiction. |
||
| 942 |
_2lcc _cBK |
||
| 999 |
_c368571 _d368571 |
||